| 000 | 00719nam a2200217Ii 4500 | ||
|---|---|---|---|
| 003 | JO-AjNU | ||
| 008 | 230605s9999||||xx |||||||||||||| ||und|| | ||
| 017 | _a2001/5/1032 | ||
| 040 |
_aJO-AjNU _bara _erda _cJO-AjNU |
||
| 041 | _aara | ||
| 050 | 1 | 4 | _aBP166.73.R37 2001 |
| 100 | 3 |
_aرشيد، غالب محمد, _eauthor _914762 |
|
| 245 | 0 | 0 | _aعالم الروح وقواه الخفية |
| 250 | _aط1 | ||
| 264 | 3 | 1 | _aاربد: مؤسسة حمادة للدراسات الجامعية والنشر والتوزيع، 2001 |
| 300 | _a143ص | ||
| 336 |
_atext _btxt _2rdacontent |
||
| 337 |
_aunmediated _bn _2rdamedia |
||
| 338 |
_avolume _bnc _2rdacarrier |
||
| 650 | 4 |
_aالغيبيات- الروحانيات _914763 |
|
| 999 |
_aA4013 _c7581 _d7581 |
||